Escenarios financieros esperados para 1990 Mercado local e internacional (Registro nro. 18287)

Detalles MARC
000 -LEADER
fixed length control field 00422 a2200133 4500
001 - CONTROL NUMBER
control field ART_15831
005 - DATE AND TIME OF LATEST TRANSACTION
control field 20260410161736.0
008 - FIXED-LENGTH DATA ELEMENTS--GENERAL INFORMATION
fixed length control field 260409a
100 1# - MAIN ENTRY--PERSONAL NAME
Personal name Carballo, Carlos
245 10 - TITLE STATEMENT
Title Escenarios financieros esperados para 1990 Mercado local e internacional
700 1# - ADDED ENTRY--PERSONAL NAME
Personal name Carrier, Enrique
700 1# - ADDED ENTRY--PERSONAL NAME
Personal name Jaime, José
773 0# - HOST ITEM ENTRY
Title Ejecutivos de finanzas
Related parts - Año 7, Nº 62 (dic. 1989)
Record control number REV2863

No hay ítems disponibles.